Bundesliga Logos - Statistiken

Allgemein
  • Dieses Quiz wurde 598 mal gespielt
    393 seit der letzten Aktualisierung
  • Das Durchschnittsergebnis liegt bei 17 aus 18
Antwortstatistiken
Bildquiz Antwort % Korrekt
FC Bayern München
99%
Borussia Dortmund
98%
Bayer 04 Leverkusen
97%
1.FC Heidenheim
96%
1.FC Union Berlin
96%
FC St.Pauli
95%
Holstein Kiel
95%
RB Leipzig
95%
TSG 1899 Hoffenheim
95%
VfB Stuttgart
95%
VfL Bochum
95%
VfL Wolfsburg
95%
Eintracht Frankfurt
94%
Borussia M'Gladbach
93%
FC Augsburg
93%
Werder Bremen
93%
1.FSV Mainz 05
92%
SC Freiburg
90%
Keine übereinstimmenden Quizze gefunden
Verteilung der Resultate
Anzahl Personen mit jedem Resultat
Perzentil nach korrekt beantworteten Fragen
Ihre Resultats-Entwicklung
Sie haben dieses Quiz seit der letzten Aktualisierung nicht gespielt